000 00312nam a2200121 a 4500
005 20140414131911.0
008 101012s19uu xx 00 eng d
050 _aER
_bM27 2007
100 _aArraras, Maria Celeste
245 _aThe magic cane.
260 _aNew York :
_bOrchard Books,
_c2007.
999 _c111225
_d111225